000 01219cas a2200325 a 4500
001 14759170
005 20091209050300.0
007 t|
008 070306s2010mauar |r 001 0 eng d
010 _a
020 _a9780763779009
022 0 _a1939-6422
_21
035 _a(OCoLC)ocm51606775
037 _bBlanchard & Loeb Publishers, LLC, 454 Railroad Avenue, Shiremanstown, PA 17011
040 _aCVU
_cCVU
_dOAk
_dOCoLC
_dDLC
_dNSDP
_dDLC
042 _alccopycat
_ansdp
050 0 0 _aRM301.12
_b.N875
082 1 0 _a615.1
_214
082 0 4 _a615.1
_bNUR
_222
245 0 0 _a2010 Nurse's Drug Handbook/
_cJones and Bartlett Publishers
250 _a9th ed.
260 _aBoston, Ma:
_bJones & Bartlett , 2010
_c2010
300 _a1202 p. :
_bill. ;
_c22 cm.
500 _aIncludes index
650 0 _aDrugs
_910524
_xHandbooks, manuals, etc.
942 _2ddc
_cNRNB
999 _c13558
_d13558